| 000 | 00591cam a2200169 4500 | ||
|---|---|---|---|
| 005 | 20250909114211.0 | ||
| 008 | 250715b ag |||||||| |||| 00| 0 spa d | ||
| 050 | 0 | 4 |
_aKHA5862 _bP56 1974 |
| 100 | 1 | _aPiombo, Horacio Daniel | |
| 245 | 0 |
_aExtradición de nacionales _b : proyecciones sustanciales, procesales e internacionales de la regla interdictoria _c/ Horacio Daniel Piombo |
|
| 250 | _a1a ed. | ||
| 260 |
_aBuenos Aires : _bEdiciones Depalma, _c1974 |
||
| 300 |
_axvi, 295 p. ; _c23 cm. |
||
| 504 | _aIncluye índices | ||
| 650 | 7 |
_2lemb _aExtradicción _xArgentina |
|
| 942 |
_2lcc _cLIB |
||
| 999 |
_c132326 _d132326 |
||